000
00229 a2200097 4500
001
53179
100
_a
Fromm, Erich
245
_a
Anatomy of Human destructiveness
260
_a
Singapore
_b
Penguin Books
_c
090
_c
33465
_d
33465
942
_a
NUST-CAE
_c
M
_c
26075
999
_c
288252
_d
288252